00359nam a2200121 a 4500001000400000003000500004005001700009008004100026040002600067100002100093245010300114260002000217870CDMR20130705125938.0130130s1999||||||||||||||||||||||||||||d aCDMRbcatcCPC GIRONA1 aEvrard, Eugéne13aEl camino de los evadidos belgas en marcha hacia Inglaterra durante la II Guerra MundialcE.Evrard c1999bManuscrit